000
00277nam a2200121Ia 4500
008
190216s9999||||xx |||||||||||||| ||und||
100
_a
Finar I L
245
0
_a
Organic Chemistry Vol 2
260
_b
Longmans
_c
1987
300
_a
942p
650
_a
Organic Chemistry
942
_c
BK
999
_c
2506
_d
2506